ბათუმის შოთა რუსთაველის სახელმწიფო უნივერსიტეტის ბიბლიოთეკა

ეკონომიკა 5-6. 2013 (ბიბ.ჩანაწერი № 40980)

000 -LEADER
fixed length control field 00821nam a2200205Ia 4500
001 - CONTROL NUMBER
control field 7628
003 - CONTROL NUMBER IDENTIFIER
control field GE_BSU
008 - FIXED-LENGTH DATA ELEMENTS--GENERAL INFORMATION
fixed length control field 181216s||||||||xx |||||||||||||| ||und||
040 ## - CATALOGING SOURCE
Transcribing agency GE_BSU
245 ## - TITLE STATEMENT
Title ეკონომიკა 5-6. 2013
245 ## - TITLE STATEMENT
Remainder of title ყოველთვიური საერთაშორისო რეცენზირებადი და რეფერირებადი სამეცნიერო ჟურნალი.
245 ## - TITLE STATEMENT
Statement of responsibility, etc. მთ.რედ:რ.შენგელია.
260 ## - PUBLICATION, DISTRIBUTION, ETC.
Place of publication, distribution, etc. თბილისი.
260 ## - PUBLICATION, DISTRIBUTION, ETC.
Date of publication, distribution, etc. 2013.
300 ## - PHYSICAL DESCRIPTION
Extent 305გვ;20სმ.
520 ## - SUMMARY, ETC.
Summary, etc. მეცნიერება,პრაქტიკა,გამოცდილება.
653 ## - INDEX TERM--UNCONTROLLED
Uncontrolled term ეკონომიკა.
653 ## - INDEX TERM--UNCONTROLLED
Uncontrolled term პერიოდიკა
942 ## - ADDED ENTRY ELEMENTS (KOHA)
Koha item type პერიოდიკა
ეგზემპლარები
Withdrawn status Lost status Damaged status Not for loan Date acquired Barcode Date last seen Price effective from Koha item type
        2018-12-17 p75726 2018-12-17 2018-12-17 პერიოდიკა